Plnú nádrž aj potraviny
Trend obchodných reťazcov otvárať svoje predajne na čerpacích staniciach. Bližšie k spotrebiteľovi. Českí pionieri - predajne Žabka patriace britskému Tescu na čerpacích staniciach Lukoil a Billa na čerpacích staniciach Shell. Osvedčený koncept. Plány na Slovensku.
Enregistré dans:
| Auteur principal: | |
|---|---|
| Format: | Chapitre de livre |
| Langue: | slovaque |
| Sujets: | |
| Tags: |
Pas de tags, Soyez le premier à ajouter un tag!
|
MARC
| LEADER | 00000naa a2200000 4500 | ||
|---|---|---|---|
| 001 | 0198039 | ||
| 005 | 20231113102636.4 | ||
| 041 | 0 | |a slo | |
| 044 | |a SK | ||
| 245 | 1 | 0 | |a Plnú nádrž aj potraviny |c Marek Legéň |
| 520 | |a Trend obchodných reťazcov otvárať svoje predajne na čerpacích staniciach. Bližšie k spotrebiteľovi. Českí pionieri - predajne Žabka patriace britskému Tescu na čerpacích staniciach Lukoil a Billa na čerpacích staniciach Shell. Osvedčený koncept. Plány na Slovensku. | ||
| 610 | 2 | 0 | |a maloobchod |
| 610 | 2 | 0 | |a predajne |
| 610 | 2 | 0 | |a reťazce obchodné |
| 610 | 2 | 0 | |a potraviny |
| 610 | 2 | 0 | |a stanice čerpacie |
| 100 | 1 | |a Legéň, Marek | |